000 00679nam a2200277Ia 4500
003 OSt
005 20230926151948.0
008 210210b2018 xxu||||| |||| 00| 0 eng d
020 _a9789325982406
040 _cAL
041 _aeng
082 _a658.8 KUMM
100 _aKUMAR (Arun)
_9135217
245 _aMarketing management
250 _a13
260 _aNoida
_bVikaks Publishing House Pvt Ltd.,
_c2018
300 _a668
650 _aMarketing
_9135218
650 _amanagement
_9135219
650 _aEd
_9135220
650 _a3
_9135221
690 _aMarketing Management
_9135222
700 _aMEENAKSHI (N)
_9135223
906 _a072334
942 _2ddc
_cBK
999 _c122089
_d122089